000 00454nam a2200145Ia 4500
003 OSt
005 20260124102413.0
008 211028s2017 xx 000 0 und d
040 _cAIMIT LIBRARY
041 _aeng
100 _aGirishraddy; Suresh, Rajani.
_g1516052
_97628
245 _aStudy on factors affecting consumer and retailer preference for Nandini milk in Bellary Karnataka /
260 _aMangalore
_bRajani Suresh.
_c2017
942 _2ddc
_cPRO
999 _c219196
_d219196